[Event "Liga CS - istok 2016"]
[Site "Kladovo"]
[Date "2016.10.13"]
[Round "6.53"]
[White "Ninic, Dragoslav"]
[Black "Miljkovic, Slobodan*"]
[Result "1/2-1/2"]
[WhiteElo "2003"]
[BlackElo "1752"]
[PlyCount "0"]
[EventDate "2016.09.04"]

1.e4 c5 2.c3 Nc6 3.d4 cxd4 4.cxd4 d6 5.Nc3 e6 6.f4 Be7 7.Nf3
a6 8.Bd3 Nf6 9.O-O b5 10.a3 O-O 11.Qe2 Re8 12.b4 Bb7 13.Bd2 Qd7
14.Rac1 Rac8 15.h3 Bf8 16.Qf2 Rc7 17.Rfe1 h6 18.g4 Ne7 19.f5
exf5 20.gxf5 Kh8 21.d5 Neg8 1/2-1/2